000 00473nam a22001817a 4500
003 MPLRDC
005 20220104124808.0
008 210129b ||||| |||| 00| 0 eng d
020 _a957-573-131-X
082 _a859.3 JSTN v.3
100 _a张玉玲等编辑
245 _a二十四孝的故事
_c
260 _a
_b泉源出版社
_c1992
300 _b
490 _a金色童年书系. 中国启蒙故事;3
650 _a儿童故事
942 _cBK
_o859.3 JSTN v.3
999 _c22210
_d22200